Football par lettre - H - Statistiques

Statistiques générales
  • Ce quiz a été pris 222 fois
  • Le résultat moyen est 12 sur 20
Statistiques - réponses
Hint Réponse % Correct
En 2022, ce redoutable buteur nordique signe dans le club où avait joué son père dans les années 2000 Erling Haaland
96%
Regle pas toujours simple à comprendre quand on découvre le Football Hors-jeu
95%
Eden, Thorgan et Kylian composent cette fratrie de footballeurs Hazard
94%
Le H de MHSC signifie... Herault
94%
Meilleur buteur de l'histoire des Bleus jusqu'en 2022, détroné par Olivier Giroud Thierry Henry
93%
Footballeur mexicain surnommé Chicharito Javier Hernández
85%
Influenceur connu pour casser sa TV à chaque défaite de l'OM Mohamed Henni
85%
Légende slovaque du Napoli, il est reconnaissable à ses coupes de cheveux originales Marek Hamsik
83%
Footballeur argentin né en Bretagne Gonzalo Higuain
82%
Footballeur réunionais passé par le PSG qui a fait une grande partie de sa carrière en Suisse Guillaume Hoarau
70%
Cette équipe a été victime du "Miracle de Berne" lors de la finale de la CDM 1954 Hongrie
63%
Equipementier de l'équipe du Danemark Hummel
47%
Nom du stade d'Arsenal dans les années 1990 Highbury
40%
Joueur coréen passé par Salzburg, Leipzig et Wolverhampton Hwang Hee-chan
38%
Stade où évolue Valenciennes Stade du Hainaut
34%
Coach qui a réalisé le triplé en 2013 avec le Bayern Jupp Heynckes
32%
Stade belge où a eu lieu un incident qui a couté la vie à 39 supporters lors de la finale de LDC 1985 Stade du Heysel
29%
Gardien finlandais de Leverkusen Lukáš Hrádecký
27%
97 supporters de Liverpool sont morts lors de cette catastrophe en 1989 Catastrophe de Hillsborough
13%
En raison de la gestion parfois rocambolesque du club, le Bayern Munich est parfois surnommé le FC... Hollywood
11%
Aucun quiz correspondant
Distribution des résultats
% des personnes avec chaque résultat
Percentile par nombre de réponses
Votre historique - résultats
Vous n’avez pas pris ce quiz